000 00204nam a2200073Ia 4500
008 170524s9999 xx 000 0 und d
100 _aFROUZAN- BEHROUZ
245 0 _aDATA COMMUNICATIONS & NETWORKING
260 _bTATA MCGRAW HILL NEW DELHI
999 _c8224
_d8224